ドナルドの店を懸けたマックネタ100個分勝負 - Statistics

General Stats
  • This quiz has been taken 22 times
  • The average score is 12 of 100
Answer Stats
商品名 % Correct
ハンバーガー
84%
ビッグマック
74%
チーズバーガー
74%
チキンナゲット
58%
月見バーガー
58%
フライドポテト
47%
フィレオフィッシュ
47%
マックシェイク
42%
えびフィレオ
42%
コーラ
37%
チキンフィレオ
37%
エッグチーズバーガー
32%
てりやきマックバーガー
32%
マックフルーリー
26%
チキンチーズバーガー
26%
ベーコンレタスバーガー
26%
アップルパイ
26%
グラコロ
21%
三角チョコパイ
21%
マックフロート
21%
ソフトツイスト
21%
チキンバーガー
21%
シャカシャカチキン
16%
チキンクリスプ
16%
とんかつマックバーガー
16%
チキンタツタ
16%
ハッピーセット
16%
ホットケーキ
11%
アイスコーヒー
11%
メガマック
11%
チキンカツバーガー
11%
ハワイアンバーガー
11%
ベーコンポテトパイ
11%
マックフィズ
11%
スマイル
11%
ドナルド
11%
マックポーク
5%
クォーターパウンダー
5%
ソーセージマフィン
5%
エッグマックマフィン
5%
ジュース
5%
バーベキューポークバーガー
5%
ロコモコバーガー
5%
サンデー
5%
ダブルバーガー
5%
ピタマック
5%
かるびマック
5%
マンハッタンバーガー
5%
アイダホバーガー
5%
てりたまバーガー
5%
ハムレタスバーガー
5%
ベジタブルバーガー
5%
ラスベガスバーガー
5%
グランドキャニオンバーガー
5%
カリフォルニアバーガー
5%
サーモンマック
5%
フランクバーガー
5%
おとうふバーガー
5%
カレー
5%
マックチャオ
5%
マックベーグル
5%
朝御飯
5%
スイートコーン
5%
Wチーズバーガー
5%
スクランブルエッグマフィン
0%
ハッシュポテト
0%
グランマック
0%
生姜焼きバーガー
0%
ティーセレクト
0%
チーズカツバーガー
0%
チキンタルタ
0%
マックリブ
0%
イタリアンバーガー
0%
ジューシーチキン
0%
アイコンチキン
0%
グリルチキンサンド
0%
アボカドバーガー
0%
必勝バーガー
0%
スモーキーアメリカン
0%
炙り醤油バーガー
0%
もぐもぐマック
0%
ゴールドマサラ
0%
フレッシュマック
0%
たまごダブルマック
0%
マックラップ
0%
チリチキン
0%
ツナマフィン
0%
マイアミバーガー
0%
テキサスバーガー
0%
ニューヨークバーガー
0%
ブロードウェイバーガー
0%
ビバリーヒルズバーガー
0%
トマトマックグラン
0%
えびチキ
0%
スーパーマック
0%
マックボウズ
0%
イカスミバーガー
0%
ケチャップ
0%
オージーデリ
0%
KBQバーガー
0%
No matching quizzes found
Score Distribution
Percent of People with Each Score
Percentile by Number Answered
Your Score History
You have not taken this quiz